000 00588nam a22002177a 4500
005 20160920111340.0
008 160920b xxu||||| |||| 00| 0 eng d
020 _a9788126909230
_c450.00
040 _aLoreto College
041 _aEnglish
082 _a370.7
_bPAT
100 _aPathak,R.P
245 _aMethodology of educational research
_cR.P.Pathak
260 _aNew Delhi
_bAtlantic Publishers
_c2008
300 _avi,187p
_b22cm
504 _aIncludes bibliographical references
650 _aEducation
650 _aResearch in education
850 _aLCBED
942 _cBK
999 _c40763
_d91242